| 000 | 00637cam a2200217 4500 | ||
|---|---|---|---|
| 001 | J100239 | ||
| 008 | 000000n1999 000 0 eng u | ||
| 035 | _a(Sirsi) u100241 | ||
| 041 | _aENG | ||
| 050 | _a333.33 | ||
| 110 |
_aFocus Property Intelligence _93774 |
||
| 245 | _aFocus auction guide analysis: first half 1999 | ||
| 260 |
_aLondon _bFocus Property Intelligence Plc. _c1999 |
||
| 300 | _a11p. ; 30cm. | ||
| 650 |
_aAuctioneering _96218 |
||
| 650 | _aREPOSSESSED PROPERTY | ||
| 650 |
_aAuctioneering _96218 |
||
| 650 | _aHOUSE PRICES | ||
| 690 | _aPROPERTY-RESIDENTIAL PROPERTY-RESIDENTIAL PROPERTY MARKET | ||
| 942 | _n0 | ||
| 999 |
_c99663 _d99663 |
||